00463nam a2200157Ia 45000010006000000050017000060080041000230410008000640820013000721000032000852450135001172600009002523000028002616500008002896540008002971747820260306171520.0260306s9999||||xx |||||||||||||| ||und|| aESP a658bM12 aMaciariello, Joseph A.eAUT 0aPeter Drucker y el arte perdido de la gerencia:bla vigencia de su pensamiento sobre la construcción de organizaciones efectivas c2012 a459 páginas :c23 cm. aGEN aCAN